Calculus : (Record no. 16354)
[ view plain ]
| 000 -LEADER | |
|---|---|
| fixed length control field | 00700nam a22002417a 4500 |
| 003 - CONTROL NUMBER IDENTIFIER | |
| control field | BDCtgAUW |
| 005 - DATE AND TIME OF LATEST TRANSACTION | |
| control field | 20260406181604.0 |
| 008 - FIXED-LENGTH DATA ELEMENTS--GENERAL INFORMATION | |
| fixed length control field | 260316b nju||||| |||| 00| 0 eng d |
| 020 ## - INTERNATIONAL STANDARD BOOK NUMBER | |
| International Standard Book Number | 9780470647684 |
| 040 ## - CATALOGING SOURCE | |
| Original cataloging agency | BDCtgAUW |
| Transcribing agency | BDCtgAUW |
| Modifying agency | BDCtgAUW |
| 050 ## - LIBRARY OF CONGRESS CALL NUMBER | |
| Classification number | QA303.2 |
| Item number | .A575 |
| 100 10 - MAIN ENTRY--PERSONAL NAME | |
| Personal name | Anton, Howard. |
| Relator term | Author |
| 9 (RLIN) | 7919 |
| 245 ## - TITLE STATEMENT | |
| Title | Calculus : |
| Remainder of title | early transcendentals single variable / |
| 250 ## - EDITION STATEMENT | |
| Edition statement | 10th ed. |
| 260 ## - PUBLICATION, DISTRIBUTION, ETC. | |
| Place of publication, distribution, etc. | New Jersey: |
| Name of publisher, distributor, etc. | Wiley, |
| Date of publication, distribution, etc. | 2012 |
| 300 ## - PHYSICAL DESCRIPTION | |
| Extent | 1 v.; |
| Dimensions | 27 cm. |
| 490 ## - SERIES STATEMENT | |
| Series statement | Part-2 |
| 650 ## - SUBJECT ADDED ENTRY--TOPICAL TERM | |
| Topical term or geographic name entry element | Calculus |
| Form subdivision | Textbooks. |
| 9 (RLIN) | 74072 |
| 700 10 - ADDED ENTRY--PERSONAL NAME | |
| Personal name | Bivens, Irl. |
| Relator term | Author |
| 9 (RLIN) | 74073 |
| 700 10 - ADDED ENTRY--PERSONAL NAME | |
| Personal name | Davis, Stephen |
| Relator term | Author |
| 9 (RLIN) | 74074 |
| 887 ## - NON-MARC INFORMATION FIELD | |
| Source of data | 8 |
| Content of non-MARC field | Papia Akter |
| 888 ## - | |
| -- | 8 |
| 942 ## - ADDED ENTRY ELEMENTS (KOHA) | |
| Source of classification or shelving scheme | Library of Congress Classification |
| Koha item type | Books |
| Suppress in OPAC | No |
| Withdrawn status | Lost status | Source of classification or shelving scheme | Damaged status | Not for loan | Home library | Current library | Shelving location | Date acquired | Source of acquisition | Total Checkouts | Full call number | Barcode | Date last seen | Price effective from | Koha item type |
|---|---|---|---|---|---|---|---|---|---|---|---|---|---|---|---|
| Library of Congress Classification | Asian University for Women Library | Mahsa Amini Library | General Stacks | 03/03/2026 | Sabekun Nahar | QA303.2 .A575 | 033370 | 16/03/2026 | 16/03/2026 | Books |